000
00287nam a2200121Ia 4500
008
191201s2018 xx 000 0 und d
100
_a
GILL, P S
245
0
_a
Engineering Graphics and Drafting
260
_b
S.K Kataria
_c
2018
300
_a
830
650
_a
B.Tech(ME)
942
_2
ddc
_c
BK
999
_c
6849
_d
6849